Estudios en España
Na minha lista:
| Autor principal: | |
|---|---|
| Autor Corporativo: | |
| Formato: | Livro |
| Idioma: | espanhol |
| Publicado em: |
Madrid
Cultura Hispánica
1976
|
| Edição: | 8a. ed |
| Assuntos: | |
| Tags: |
Adicionar Tag
Sem tags, seja o primeiro a adicionar uma tag!
|
MARC
| LEADER | 00000nam a2200000 a 4500 | ||
|---|---|---|---|
| 001 | UCY8058 | ||
| 003 | CL-VaPUC | ||
| 008 | 950623e19760000SP |||||||||||||||||spa|d | ||
| 082 | 0 | 4 | |a 370.73 |b VEL |2 21 |
| 100 | 0 | |a Velázquez López, José |e author |9 339149 | |
| 110 | 2 | |a Instituto de Cultura Hispánica. Departamento de Asistencia Universitaria |e author |9 339150 | |
| 245 | 1 | 0 | |a Estudios en España |
| 250 | |a 8a. ed | ||
| 300 | |a 605 p | ||
| 942 | |c BK | ||
| 945 | |d 19950623 00:00:00 |a cmena | ||
| 260 | |a Madrid |b Cultura Hispánica |c 1976 | ||
| 650 | 0 | |a Educación |9 258661 | |
| 650 | 7 | |a INTERCAMBIOS ESTUDIANTILES |2 CL-VaPUC |9 339151 | |
| 650 | 0 | |a Enseñanza |9 256457 | |
| 650 | 0 | |a Programas de educación |9 339040 | |
| 650 | 0 | |a Universidades |9 256317 | |
| 651 | 0 | |a España |9 254926 | |
| 583 | |a last modification |c 19950623 00:00:00 |k Rodrigo Vera | ||
| 999 | |c 235341 |d 235339 | ||
| 952 | |0 0 |1 0 |4 0 |6 370_730000000000000_VEL_1976 |7 0 |8 P |9 242700 |a BIBEDU |b BIBEDU |c BIBEDU_PB |d 2019-11-18 |i 1521934 |o 370.73 VEL 1976 |p 1521934 |r 2024-01-25 |w 2019-11-18 |y BK |k EDU | ||